00768nam a22002657a 4500001000400000003000900004005001700013007000400030008002800034020001500062040002200077100001400099245007300113260003300186300002100219490002200240700002800262830002200290910000800312942001200320945002700332952010800359956002000467999001500487084DO-SdBNP20180122112347.0084151005b1962 sp 00| 0 spa d a8470021346 aBPMSUbspacBPMSU1 aRay, Jean13aEl crucero de las sombras /cJean Ray ; traducción José Ma. Roca aBarcelona :bAcervo, c1962. a127 p. :c18 cm.1 aEl observadorv6212aRoca, José Ma.etrad. 0aEl observadorn62 a202 2ddccBK aInventariado, 2018/MFF 00102ddc40708CGaBPMETbBPMETd2015-11-03eDonaciónl0pBPMSU15110017r2015-11-03w2015-11-03yBK aYngrid Lockward c8516d8516